[Event "TCh-FRA Top 12 2015"]
[Site "Montpellier FRA"]
[Date "2015.06.07"]
[Round "9.6"]
[Board "2"]
[White "Dorfman, Iossif"]
[Black "Matlakov, Maxim"]
[Result "1/2-1/2"]
[WhiteTitle "GM"]
[BlackTitle "GM"]
[WhiteElo "2574"]
[BlackElo "2694"]
[WhiteTeam "GRASSE ECHECS"]
[BlackTeam "CLICHY-ECHECS-92"]
[WhiteFideId "604011"]
[BlackFideId "4168003"]
[EventDate "2015.05.30"]

1. c4 c6 2. d4 d5 3. cxd5 cxd5 4. Bf4 Nc6 5. e3 Nf6 6. Nc3 Bg4 7. Qb3 Na5 8.
Bb5+ Bd7 9. Qd1 e6 10. Bd3 Bb4 11. Nf3 Rc8 12. O-O Nc4 13. Bxc4 dxc4 14. Bg5 Be7
15. a4 O-O 16. Ne5 Nd5 17. Bxe7 Qxe7 18. Qe2 f6 19. Nxc4 Qb4 20. Nd2 Nxc3 21.
bxc3 Qxc3 22. Ne4 Qc7 1/2-1/2

[Event "TCh-FRA Top 12 2015"]
[Site "Montpellier FRA"]
[Date "2015.06.07"]
[Round "9.6"]
[Board "3"]
[White "Vachier-Lagrave, Maxime"]
[Black "Szabo, Krisztian1"]
[Result "1-0"]
[WhiteTitle "GM"]
[BlackTitle "GM"]
[WhiteElo "2754"]
[BlackElo "2518"]
[WhiteTeam "CLICHY-ECHECS-92"]
[BlackTeam "GRASSE ECHECS"]
[WhiteFideId "623539"]
[BlackFideId "722901"]
[EventDate "2015.05.30"]

1. d4 Nf6 2. Nf3 g6 3. g3 Bg7 4. Bg2 O-O 5. O-O d6 6. a4 Nbd7 7. a5 a6 8. c4 e5
9. Nc3 exd4 10. Nxd4 Ne5 11. b3 c5 12. Nf3 Nc6 13. Bf4 Nh5 14. Bg5 f6 15. Bd2
Nxa5 16. Ne4 Nc6 17. Be3 Be6 18. Qxd6 Qxd6 19. Nxd6 b6 20. Nd2 Rad8 21. Nb7 Rxd2
22. Bxd2 Nd4 23. Rxa6 Nxb3 24. Be3 Bxc4 25. Rxb6 Nd4 26. Bxd4 cxd4 27. Bf3 f5
28. Rc1 Bf7 29. Nd6 Be6 30. Rc7 Nf6 31. Rbb7 Bh8 32. Re7 Ba2 33. Ra7 Bb3 34. Nb5
Nd5 35. Rxh7 1-0

[Event "TCh-FRA Top 12 2015"]
[Site "Montpellier FRA"]
[Date "2015.06.07"]
[Round "9.6"]
[Board "4"]
[White "Michiels, Bart"]
[Black "Fressinet, Laurent"]
[Result "0-1"]
[WhiteTitle "GM"]
[BlackTitle "GM"]
[WhiteElo "2536"]
[BlackElo "2712"]
[WhiteTeam "GRASSE ECHECS"]
[BlackTeam "CLICHY-ECHECS-92"]
[WhiteFideId "202967"]
[BlackFideId "608742"]
[EventDate "2015.05.30"]

1. d4 d5 2. c4 e6 3. Nc3 c6 4. e3 Nf6 5. Nf3 Nbd7 6. Qc2 Bd6 7. Bd3 dxc4 8. Bxc4
b5 9. Bd3 Bb7 10. O-O O-O 11. a3 Rc8 12. Ng5 c5 13. Bxh7+ Kh8 14. f4 g6 15. Bxg6
fxg6 16. Nxb5 Bb8 17. Qxg6 Qe8 18. Qh6+ Kg8 19. Nc3 Rf7 20. Nxf7 Kxf7 21. f5 Qh8
22. fxe6+ Kxe6 23. Qxh8 Rxh8 24. h3 Rg8 25. Rf2 Bg3 26. Rc2 Be1 27. d5+ Nxd5 28.
Nxd5 Bxd5 29. e4 Bb3 30. Re2 Bg3 31. Be3 a5 32. Rc1 c4 33. Bf2 Bb8 34. Bd4 Ne5
35. Kh1 Rf8 36. Ra1 Nd3 37. a4 Bc7 38. e5 Rf4 39. Bc3 Nf2+ 40. Kg1 Nd1 41. Be1
Bb6+ 42. Kh2 Rf1 43. g4 Ne3 44. Rc1 Bd4 45. Kg3 Rg1+ 46. Kf4 Ng2+ 47. Ke4 Nxe1
48. Rcxe1 Rxe1 49. Rxe1 Bxb2 50. Rf1 Bc2+ 51. Ke3 Bxa4 52. Rf6+ Ke7 53. Ra6 c3
54. Ra7+ Kd8 55. Ra8+ Kc7 56. Rxa5 c2 57. Rc5+ Kb6 58. Rxc2 Bxc2 59. h4 Kc6 60.
h5 Kd5 61. Kf4 Bc1+ 0-1

[Event "TCh-FRA Top 12 2015"]
[Site "Montpellier FRA"]
[Date "2015.06.07"]
[Round "9.6"]
[Board "5"]
[White "Hamdouchi, Hicham"]
[Black "Apicella, Manuel"]
[Result "0-1"]
[WhiteTitle "GM"]
[BlackTitle "GM"]
[WhiteElo "2608"]
[BlackElo "2510"]
[WhiteTeam "CLICHY-ECHECS-92"]
[BlackTeam "GRASSE ECHECS"]
[WhiteFideId "9000011"]
[BlackFideId "600164"]
[EventDate "2015.05.30"]

1. e4 e6 2. d4 d5 3. Nd2 Nc6 4. Ngf3 Nf6 5. e5 Nd7 6. Be2 f6 7. exf6 Qxf6 8. Nf1
Bd6 9. Ng3 O-O 10. O-O Nb6 11. a4 a5 12. Be3 Bd7 13. b3 Be8 14. c4 Bf4 15. c5
Nd7 16. Bb5 e5 17. dxe5 Ndxe5 18. Qxd5+ Bf7 19. Qe4 Bxe3 20. fxe3 Nxf3+ 21. Qxf3
Qe5 22. Bxc6 bxc6 23. Qf4 Rae8 24. Qxe5 Rxe5 25. e4 Bxb3 26. Rfc1 h5 27. Rc3 Be6
28. h4 Rf4 29. Rb1 Rxh4 30. Rb8+ Kh7 31. Re8 Rg4 32. Re7 h4 33. Nf5 Rexe4 34.
Nd6 Re2 35. Kf1 Rgxg2 36. Ne4 Rxe4 37. Kxg2 Bh3+ 38. Rxh3 Rxe7 39. Rxh4+ Kg6 40.
Kf3 Re5 41. Rh8 Rxc5 42. Ra8 Kf5 43. Ke3 g5 44. Rf8+ Kg4 45. Ra8 Kg3 46. Ra6 g4
47. Kd4 Rf5 48. Rxc6 Rf4+ 49. Ke3 Rxa4 50. Rxc7 Rb4 0-1

[Event "TCh-FRA Top 12 2015"]
[Site "Montpellier FRA"]
[Date "2015.06.07"]
[Round "9.6"]
[Board "6"]
[White "Pile, Richard"]
[Black "Lagarde, Maxime"]
[Result "0-1"]
[WhiteTitle "IM"]
[BlackTitle "GM"]
[WhiteElo "2430"]
[BlackElo "2565"]
[WhiteTeam "GRASSE ECHECS"]
[BlackTeam "CLICHY-ECHECS-92"]
[WhiteFideId "624110"]
[BlackFideId "662399"]
[EventDate "2015.05.30"]

1. d4 Nf6 2. Nf3 g6 3. g3 Bg7 4. Bg2 O-O 5. O-O d6 6. Nc3 Nc6 7. d5 Nb8 8. h3 c6
9. e4 cxd5 10. exd5 Bd7 11. Nd4 Na6 12. Re1 Re8 13. Be3 Nc5 14. Kh2 Rc8 15. a4
a5 16. Qe2 Na6 17. Ndb5 Nb4 18. Rec1 h5 19. Qd2 Bf5 20. Nd4 Qd7 21. Ra3 Rc4 22.
Qe2 Rec8 23. Nc6 bxc6 24. Qxc4 cxd5 25. Qb5 e5 26. Qxa5 Nc6 27. Qb5 d4 28. Bg5
dxc3 29. Rxc3 Ne4 30. Bxe4 Bxe4 31. f3 Rb8 0-1

[Event "TCh-FRA Top 12 2015"]
[Site "Montpellier FRA"]
[Date "2015.06.07"]
[Round "9.6"]
[Board "7"]
[White "Tregubov, Pavel V."]
[Black "Llanes Hurtado, Miguel"]
[Result "1/2-1/2"]
[WhiteTitle "GM"]
[BlackTitle "GM"]
[WhiteElo "2571"]
[BlackElo "2444"]
[WhiteTeam "CLICHY-ECHECS-92"]
[BlackTeam "GRASSE ECHECS"]
[WhiteFideId "4115341"]
[BlackFideId "2206706"]
[EventDate "2015.05.30"]

1. d4 d5 2. c4 dxc4 3. e3 e5 4. Bxc4 exd4 5. exd4 Nf6 6. Nf3 Bd6 7. O-O O-O 8.
h3 Nc6 9. Nc3 h6 10. Qc2 Nb4 11. Qb1 Be6 12. Bxe6 fxe6 13. Bd2 Qd7 14. Ne4 Nxe4
15. Qxe4 Nd5 16. Rfe1 Rf6 17. Re2 Raf8 18. Ne5 Bxe5 19. Qxe5 Nf4 20. Bxf4 Rxf4
21. Rd1 R4f5 22. Qe3 R8f6 23. Qe4 Rd5 24. Rd3 c6 25. Ree3 Qf7 26. Rf3 Rxf3 27.
Rxf3 Rf5 28. Rxf5 Qxf5 29. Qe1 Qd5 30. b3 Kf7 31. Qe3 g5 32. f4 Qf5 33. fxg5
hxg5 34. Kh2 a5 35. Kg3 Kf6 36. Qf3 Kg6 37. Qxf5+ exf5 38. Kf3 Kh5 39. g3 Kg6
40. Ke3 Kh5 1/2-1/2

[Event "TCh-FRA Top 12 2015"]
[Site "Montpellier FRA"]
[Date "2015.06.07"]
[Round "9.6"]
[Board "8"]
[White "Forestier, Carole"]
[Black "Skripchenko, Almira"]
[Result "0-1"]
[BlackTitle "IM"]
[WhiteElo "2072"]
[BlackElo "2421"]
[WhiteTeam "GRASSE ECHECS"]
[BlackTeam "CLICHY-ECHECS-92"]
[WhiteFideId "641405"]
[BlackFideId "13900145"]
[EventDate "2015.05.30"]

1. d4 d6 2. Nf3 Bg4 3. Qd3 c6 4. e4 Nd7 5. Nbd2 e5 6. Qe3 Be7 7. Bd3 Ngf6 8. O-O
O-O 9. c3 Re8 10. a4 Bh5 11. Nc4 exd4 12. Nxd4 d5 13. exd5 cxd5 14. Nd2 Bd6 15.
Qh3 Ne5 16. Bf5 g6 17. Bc2 Bg4 18. Qh4 Be7 19. f3 Bd7 20. Qf2 a6 21. N2b3 Nc4
22. Bd3 Qc7 23. Bg5 Nh5 24. Bxe7 Rxe7 25. f4 Ne3 26. Rfe1 Qxf4 27. Nc5 Rae8 28.
g3 Qxf2+ 29. Kxf2 Ng4+ 30. Kf1 Nxh2+ 31. Kf2 Ng4+ 32. Kf1 Nxg3+ 33. Kg2 Rxe1 34.
Rxe1 Rxe1 35. Kxg3 Bc8 0-1

[Event "TCh-FRA Top 12 2015"]
[Site "Montpellier FRA"]
[Date "2015.06.08"]
[Round "10.1"]
[Board "1"]
[White "Donchenko, Alexander"]
[Black "Mista, Aleksander"]
[Result "0-1"]
[WhiteTitle "IM"]
[BlackTitle "GM"]
[WhiteElo "2570"]
[BlackElo "2556"]
[WhiteTeam "VANDOEUVRE-ECHECS"]
[BlackTeam "MONTPELLIER"]
[WhiteFideId "24603295"]
[BlackFideId "1110381"]
[EventDate "2015.05.30"]

1. d4 Nf6 2. c4 g6 3. Nc3 d5 4. cxd5 Nxd5 5. Bd2 Bg7 6. e4 Nxc3 7. Bxc3 O-O 8.
Nf3 Bg4 9. Be2 c5 10. d5 Bxc3+ 11. bxc3 e6 12. O-O exd5 13. exd5 Bxf3 14. Bxf3
Qd6 15. Rb1 b6 16. Be2 Nd7 17. Ba6 Nf6 18. c4 Rae8 19. Bb5 Re4 20. Rb3 Rc8 21.
Re1 Rxe1+ 22. Qxe1 Rc7 23. Re3 Kf8 24. h3 Re7 25. f4 Nh5 26. g3 Rxe3 27. Qxe3
Qe7 28. Qd3 Qe1+ 29. Kg2 Nf6 30. Qf1 Qe4+ 31. Qf3 Qd4 32. Qf2 Qe4+ 33. Qf3 Qd4
34. Qf2 Ne4 35. Qxd4 cxd4 36. Kf3 f5 37. Ke2 Nxg3+ 38. Kd3 Ke7 39. Kxd4 Kd6 40.
Be8 Nh5 41. Ke3 Kc5 42. Bf7 Nf6 43. Kd3 a6 44. a4 a5 45. h4 Ne4 46. Bg8 Nf6 47.
Be6 Kd6 48. Kd4 Nh5 49. Ke3 Ke7 50. Bc8 Nf6 51. Kd4 Ne4 52. Be6 Nc5 53. Bg8 h6
54. Bh7 Kf6 55. d6 Kg7 56. Kd5 Kxh7 57. Kc6 g5 58. hxg5 hxg5 59. Kxb6 Nd7+ 60.
Kc6 Nf8 61. c5 gxf4 62. d7 Nxd7 63. Kxd7 f3 64. c6 f2 65. c7 f1=Q 66. c8=Q Qe1
67. Kd6 Qg3+ 68. Ke7 Qe5+ 69. Kf7 Qg7+ 70. Ke6 f4 71. Qa8 Qg8+ 0-1

[Event "TCh-FRA Top 12 2015"]
[Site "Montpellier FRA"]
[Date "2015.06.08"]
[Round "10.1"]
[Board "2"]
[White "Vazquez Igarza, Renier"]
[Black "Solodovnichenko, Yuri"]
[Result "0-1"]
[WhiteTitle "GM"]
[BlackTitle "GM"]
[WhiteElo "2606"]
[BlackElo "2592"]
[WhiteTeam "MONTPELLIER"]
[BlackTeam "VANDOEUVRE-ECHECS"]
[WhiteFideId "3503054"]
[BlackFideId "14104369"]
[EventDate "2015.05.30"]

1. d4 d5 2. c4 c6 3. Nc3 Nf6 4. Nf3 e6 5. Bg5 dxc4 6. a4 b5 7. axb5 cxb5 8. Nxb5
Qb6 9. Nc3 Qxb2 10. Bd2 Nd5 11. Na4 Qb3 12. e3 Nb4 13. Qxb3 cxb3 14. Bb5+ Nd7
15. Bxb4 Bxb4+ 16. Ke2 Rb8 17. Bc4 Ke7 18. Rhb1 Bb7 19. Rxb3 Rhc8 20. Bd3 f5 21.
g3 g6 22. Ne1 Bd5 23. Rb2 e5 24. Nc2 a5 25. Nxb4 axb4 26. Kd2 Rc7 27. Rab1 Rcb7
28. Rc1 exd4 29. exd4 Kd6 30. Nc5 Nxc5 31. Rxc5 Rc7 32. Ra5 Rb6 33. Ra4 b3 34.
h4 Rbc6 35. Ra1 Rc3 36. Ra6+ R7c6 37. Ra1 Be4 38. Bxe4 fxe4 39. Ra3 Rd3+ 40. Ke2
Rcc3 41. Ra8 Kd5 42. Ra7 Kxd4 0-1

[Event "TCh-FRA Top 12 2015"]
[Site "Montpellier FRA"]
[Date "2015.06.08"]
[Round "10.1"]
[Board "3"]
[White "Hamitevici, Vladimir"]
[Black "Smith, Axel"]
[Result "1/2-1/2"]
[WhiteTitle "IM"]
[BlackTitle "IM"]
[WhiteElo "2429"]
[BlackElo "2454"]
[WhiteTeam "VANDOEUVRE-ECHECS"]
[BlackTeam "MONTPELLIER"]
[WhiteFideId "13902393"]
[BlackFideId "1707930"]
[EventDate "2015.05.30"]

1. b3 e5 2. Bb2 Nc6 3. e3 Nf6 4. c4 d5 5. cxd5 Nxd5 6. a3 Bd6 7. Qc2 O-O 8. Nf3
Qe7 9. d3 Kh8 10. Be2 f5 11. Nbd2 Bd7 12. O-O Rae8 13. Rfd1 Nf6 14. Nc4 b5 15.
Nxd6 cxd6 16. Rdc1 Rc8 17. Qd1 Nd5 18. g3 a6 19. Bf1 f4 20. gxf4 exf4 21. e4 Nf6
22. Bg2 Bg4 23. Qd2 Bxf3 24. Bxf3 Ne5 25. Bd1 Qe6 26. Rxc8 Rxc8 27. f3 h6 28. d4
Ng6 29. Rc1 Nh7 30. d5 Qd7 31. Rxc8+ Qxc8 32. Qc3 Qd7 33. Qc6 Qd8 34. Qxa6 Nh4
35. Kf1 Ng5 36. Qa7 Qf8 37. Qf2 Ng6 38. a4 bxa4 39. bxa4 Qc8 40. Qa7 Ne5 41.
Bxe5 dxe5 42. Qf2 Nf7 43. Be2 Qc7 44. Qe1 g5 45. a5 g4 46. a6 gxf3 47. Bxf3 Ng5
48. Qe2 Qc3 49. Kg2 Nxf3 50. Qxf3 Qc2+ 51. Kg1 Qb1+ 52. Qf1 Qxe4 53. a7 Qd4+ 54.
Qf2 Qd1+ 55. Kg2 Qxd5+ 56. Qf3 Qa2+ 57. Qf2 Qd5+ 58. Qf3 Qa2+ 59. Qf2 1/2-1/2

[Event "TCh-FRA Top 12 2015"]
[Site "Montpellier FRA"]
[Date "2015.06.08"]
[Round "10.1"]
[Board "4"]
[White "Flear, Glenn C"]
[Black "Brunner, Nicolas"]
[Result "1-0"]
[WhiteTitle "GM"]
[BlackTitle "IM"]
[WhiteElo "2460"]
[BlackElo "2432"]
[WhiteTeam "MONTPELLIER"]
[BlackTeam "VANDOEUVRE-ECHECS"]
[WhiteFideId "400165"]
[BlackFideId "620246"]
[EventDate "2015.05.30"]

1. d4 Nf6 2. c4 e6 3. Nf3 b6 4. e3 Bb7 5. Bd3 d5 6. O-O Nbd7 7. b3 Bd6 8. Nc3 a6
9. Bb2 O-O 10. Rc1 Qe7 11. Na4 c5 12. cxd5 exd5 13. Nxb6 Nxb6 14. dxc5 Bxc5 15.
Bxf6 gxf6 16. Nh4 Rfc8 17. Nf5 Qe6 18. Qh5 Ba3 19. Qh6 Qxf5 20. Bxf5 Rxc1 21.
Bxh7+ 1-0

[Event "TCh-FRA Top 12 2015"]
[Site "Montpellier FRA"]
[Date "2015.06.08"]
[Round "10.1"]
[Board "5"]
[White "Bailet, Pierre"]
[Black "Libiszewski, Fabien"]
[Result "1/2-1/2"]
[WhiteTitle "IM"]
[BlackTitle "GM"]
[WhiteElo "2519"]
[BlackElo "2531"]
[WhiteTeam "VANDOEUVRE-ECHECS"]
[BlackTeam "MONTPELLIER"]
[WhiteFideId "655830"]
[BlackFideId "616834"]
[EventDate "2015.05.30"]

1. d4 Nf6 2. c4 g6 3. Nc3 Bg7 4. e4 d6 5. Nf3 O-O 6. Be2 e5 7. Be3 exd4 8. Nxd4
Re8 9. f3 c6 10. Bf2 d5 11. exd5 cxd5 12. O-O Nc6 13. Nxc6 bxc6 14. cxd5 Nxd5
15. Nxd5 Qxd5 16. Qxd5 cxd5 17. Bb5 Rd8 18. Rad1 Rb8 19. a4 Bd7 20. Rxd5 Bxb5
21. Rxd8+ Rxd8 22. axb5 Rd5 23. b4 Rxb5 24. Rc1 h5 25. Bxa7 1/2-1/2

[Event "TCh-FRA Top 12 2015"]
[Site "Montpellier FRA"]
[Date "2015.06.08"]
[Round "10.1"]
[Board "6"]
[White "Daulyte, Deimante"]
[Black "Philippe, Christophe"]
[Result "1-0"]
[WhiteTitle "IM"]
[BlackTitle "IM"]
[WhiteElo "2402"]
[BlackElo "2375"]
[WhiteTeam "MONTPELLIER"]
[BlackTeam "VANDOEUVRE-ECHECS"]
[WhiteFideId "12802859"]
[BlackFideId "610038"]
[EventDate "2015.05.30"]

1. e4 Nc6 2. d4 d5 3. e5 Bf5 4. c3 e6 5. Ne2 f6 6. f4 Nh6 7. Ng3 Bg6 8. Bd3 Bxd3
9. Qxd3 Qd7 10. Be3 Nf7 11. Nd2 O-O-O 12. h4 Kb8 13. b4 Ne7 14. Nb3 Nc8 15. Nf1
Nb6 16. Nfd2 Qa4 17. Rb1 Nh6 18. Nc5 Qe8 19. a4 Nf5 20. Bf2 h5 21. a5 Nc8 22.
Ndb3 a6 23. Nxa6+ bxa6 24. Qxa6 Ncd6 25. exd6 Nxd6 26. b5 Qg6 27. O-O Nc8 28.
Nc5 Bxc5 29. dxc5 d4 30. c6 1-0

[Event "TCh-FRA Top 12 2015"]
[Site "Montpellier FRA"]
[Date "2015.06.08"]
[Round "10.1"]
[Board "7"]
[White "Iglesias, Joachim"]
[Black "Collas, Silvia"]
[Result "0-1"]
[BlackTitle "IM"]
[WhiteElo "2254"]
[BlackElo "2306"]
[WhiteTeam "VANDOEUVRE-ECHECS"]
[BlackTeam "MONTPELLIER"]
[WhiteFideId "637823"]
[BlackFideId "2902265"]
[EventDate "2015.05.30"]

1. d4 Nf6 2. Nf3 g6 3. Nbd2 d5 4. b4 Bg7 5. e3 O-O 6. Be2 b6 7. Bb2 Nbd7 8. c4
c5 9. bxc5 bxc5 10. O-O Re8 11. Qc2 Ba6 12. Qa4 Bb7 13. Rab1 dxc4 14. dxc5 Nxc5
15. Qa3 Rc8 16. Nxc4 Be4 17. Rbd1 Qc7 18. Be5 Qb7 19. Na5 Qa8 20. Rd2 Ncd7 21.
Ba1 Bf8 22. Nc4 Nb6 23. Nxb6 axb6 24. Qb2 Red8 25. Rxd8 Rxd8 26. Qxb6 Rd6 27.
Qb2 Bg7 28. Rc1 Ne8 29. Qb3 Bd5 30. Bc4 Rc6 31. Bxg7 Nxg7 32. Ne5 Rc7 33. Nxf7
Bxg2 34. f3 Bxf3 35. Ng5+ Kh8 36. Nxf3 Qxf3 37. Qb8+ Ne8 38. Qxe8+ Kg7 39. Qg8+
Kh6 40. Rc3 Rc5 41. h4 Rf5 42. Rc2 Qd1+ 0-1

[Event "TCh-FRA Top 12 2015"]
[Site "Montpellier FRA"]
[Date "2015.06.08"]
[Round "10.1"]
[Board "8"]
[White "Touzane, Olivier"]
[Black "Steil-Antoni, Fiona"]
[Result "1/2-1/2"]
[WhiteTitle "IM"]
[BlackTitle "WIM"]
[WhiteElo "2339"]
[BlackElo "2094"]
[WhiteTeam "MONTPELLIER"]
[BlackTeam "VANDOEUVRE-ECHECS"]
[WhiteFideId "602906"]
[BlackFideId "4001249"]
[EventDate "2015.05.30"]

1. Nf3 d5 2. g3 Nf6 3. Bg2 c6 4. O-O Nbd7 5. d3 e5 6. Qe1 Bd6 7. e4 O-O 8. Nc3
Re8 9. Nh4 dxe4 10. Nxe4 Nxe4 11. dxe4 Nf6 12. Be3 Ng4 13. Bd2 Bc5 14. b4 Bb6
15. h3 Nf6 16. Rd1 Be6 17. Nf5 Bxf5 18. exf5 Qe7 19. a4 a6 20. Qe2 Nd5 21. Rfe1
Rad8 22. b5 axb5 23. axb5 Bd4 24. bxc6 bxc6 25. Qf3 Qc5 26. Rc1 e4 27. Rxe4 Rxe4
28. Qxe4 Bxf2+ 29. Kh2 Be3 30. Qd3 Bxd2 31. Qxd2 Re8 32. Re1 Rxe1 33. Qxe1 Nf6
34. Qe2 h6 35. Qd3 Kh7 36. c4 Qf2 37. Qf3 Qxf3 38. Bxf3 c5 39. g4 g5 40. Kg3 Nd7
41. Kf2 Kg7 42. Ke3 Kf6 43. Ke4 Nb6 44. Be2 Ke7 45. Bf1 f6 46. Bd3 Kd6 47. Be2
Kc7 48. Bf1 Kb7 49. Kd3 Kc7 50. Ke4 Kd6 51. Bd3 Na4 52. Bc2 Nb6 1/2-1/2

[Event "TCh-FRA Top 12 2015"]
[Site "Montpellier FRA"]
[Date "2015.06.08"]
[Round "10.2"]
[Board "1"]
[White "Sasikiran, Krishnan"]
[Black "Riazantsev, Alexander"]
[Result "1/2-1/2"]
[WhiteTitle "GM"]
[BlackTitle "GM"]
[WhiteElo "2642"]
[BlackElo "2671"]
[WhiteTeam "GRASSE ECHECS"]
[BlackTeam "METZ FISCHER"]
[WhiteFideId "5004985"]
[BlackFideId "4125029"]
[EventDate "2015.05.30"]

1. d4 d5 2. c4 e6 3. Nf3 Nf6 4. Nc3 Be7 5. Bf4 O-O 6. e3 Nbd7 7. c5 Nh5 8. Bd3
Nxf4 9. exf4 b6 10. b4 a5 11. a3 c6 12. O-O Qc7 13. g3 Ba6 14. Re1 Bf6 15. Kg2
Rfb8 16. Bxa6 Rxa6 17. Qd3 Ra7 18. Rab1 axb4 19. axb4 Rba8 20. Rb3 Rb7 21. Reb1
h6 22. h4 Rbb8 23. Qc2 Rb7 24. R1b2 Rba7 25. Ra2 Rxa2 26. Nxa2 Qa7 27. Nc1 Qa4
28. Ne2 Qb5 1/2-1/2

[Event "TCh-FRA Top 12 2015"]
[Site "Montpellier FRA"]
[Date "2015.06.08"]
[Round "10.2"]
[Board "2"]
[White "Postny, Evgeny"]
[Black "Dorfman, Iossif"]
[Result "1-0"]
[WhiteTitle "GM"]
[BlackTitle "GM"]
[WhiteElo "2630"]
[BlackElo "2574"]
[WhiteTeam "METZ FISCHER"]
[BlackTeam "GRASSE ECHECS"]
[WhiteFideId "2804344"]
[BlackFideId "604011"]
[EventDate "2015.05.30"]

1. d4 Nf6 2. c4 e6 3. g3 d5 4. Bg2 Bb4+ 5. Bd2 Be7 6. Nf3 O-O 7. O-O Nbd7 8. Bf4
b6 9. Nc3 Bb7 10. cxd5 Nxd5 11. Nxd5 exd5 12. Qc2 c5 13. Rad1 c4 14. b3 b5 15.
bxc4 bxc4 16. Nd2 Nb6 17. Nb1 Qd7 18. Nc3 Bb4 19. Rb1 Ba5 20. Bd2 Bc6 21. Qc1
Rfb8 22. Qa3 Bxc3 23. Qxc3 Na4 24. Qc2 h6 25. Rfc1 Rb6 26. Ba5 Rb5 27. Rxb5 Bxb5
28. e4 dxe4 29. Qxe4 Rc8 30. d5 Qd6 31. Qb1 Qa6 32. Bb4 Nc5 33. Bh3 Bd7 34. Bxd7
Nxd7 35. Qf5 Qa4 36. Bc3 Re8 37. Rb1 g6 38. Qf4 Qc2 39. Rc1 g5 40. Qxg5+ hxg5
41. Rxc2 Nb6 42. d6 f5 43. Ba5 Rd8 44. Rxc4 Rxd6 45. Rc7 g4 46. Kg2 a6 47. Bxb6
Rxb6 48. Rc5 Rf6 49. a4 Kg7 50. a5 Kg6 51. Rc7 f4 52. gxf4 Rxf4 53. Rc6+ Kg5 54.
Rxa6 Ra4 55. Ra8 Ra3 56. a6 Kg6 57. a7 Kg7 58. h3 1-0

[Event "TCh-FRA Top 12 2015"]
[Site "Montpellier FRA"]
[Date "2015.06.08"]
[Round "10.2"]
[Board "3"]
[White "Szabo, Krisztian1"]
[Black "Wirig, Anthony"]
[Result "1/2-1/2"]
[WhiteTitle "GM"]
[BlackTitle "GM"]
[WhiteElo "2518"]
[BlackElo "2496"]
[WhiteTeam "GRASSE ECHECS"]
[BlackTeam "METZ FISCHER"]
[WhiteFideId "722901"]
[BlackFideId "615013"]
[EventDate "2015.05.30"]

1. e4 g6 2. d4 Bg7 3. Nc3 a6 4. f4 d5 5. Nxd5 e6 6. Ne3 Qxd4 7. Qxd4 Bxd4 8. Nf3
Bg7 9. e5 b6 10. Be2 Bb7 11. b3 Nd7 12. Bb2 Ne7 13. O-O-O Nd5 14. Nxd5 Bxd5 15.
Rhf1 b5 16. g3 1/2-1/2

[Event "TCh-FRA Top 12 2015"]
[Site "Montpellier FRA"]
[Date "2015.06.08"]
[Round "10.2"]
[Board "4"]
[White "Iordachescu, Viorel"]
[Black "Llanes Hurtado, Miguel"]
[Result "1/2-1/2"]
[WhiteTitle "GM"]
[BlackTitle "GM"]
[WhiteElo "2588"]
[BlackElo "2444"]
[WhiteTeam "METZ FISCHER"]
[BlackTeam "GRASSE ECHECS"]
[WhiteFideId "13900200"]
[BlackFideId "2206706"]
[EventDate "2015.05.30"]

1. e4 c6 2. d4 d5 3. e5 Bf5 4. Nd2 e6 5. Nb3 Nd7 6. Nf3 a6 7. c3 c5 8. dxc5 Bxc5
9. Nxc5 Nxc5 10. Nd4 Ne7 11. Be2 Qc7 12. Be3 Rc8 13. f4 O-O 14. O-O Be4 15. a4
f6 16. Bg4 Nf5 17. Bxf5 exf5 18. b4 fxe5 19. bxc5 exd4 20. Bxd4 Qe7 21. Ra2 Rc6
22. Qe1 Re6 23. Qf2 Rg6 24. Qe3 Rc8 25. Rff2 Rcc6 26. Rab2 Rge6 27. Qd2 Rh6 28.
Qe3 Rhe6 29. Qd2 Rh6 30. Qe3 1/2-1/2

[Event "TCh-FRA Top 12 2015"]
[Site "Montpellier FRA"]
[Date "2015.06.08"]
[Round "10.2"]
[Board "5"]
[White "Apicella, Manuel"]
[Black "Koch, Jean-Rene"]
[Result "1-0"]
[WhiteTitle "GM"]
[BlackTitle "IM"]
[WhiteElo "2510"]
[BlackElo "2452"]
[WhiteTeam "GRASSE ECHECS"]
[BlackTeam "METZ FISCHER"]
[WhiteFideId "600164"]
[BlackFideId "600148"]
[EventDate "2015.05.30"]

1. c4 e6 2. Nf3 d5 3. b3 Nf6 4. Bb2 Be7 5. g3 O-O 6. Bg2 c5 7. O-O Nc6 8. e3 d4
9. exd4 cxd4 10. Re1 Ne8 11. Ne5 Nxe5 12. Rxe5 f6 13. Re1 Nc7 14. f4 a5 15. a3
Rb8 16. d3 b5 17. Nd2 bxc4 18. dxc4 Na6 19. Nf3 Nc5 20. Nxd4 Nxb3 21. Nc6 Bc5+
22. Kh1 Qxd1 23. Raxd1 Rb6 24. a4 Ba6 25. Rxe6 Bxc4 26. Bd5 Bxd5+ 27. Rxd5 Kh8
28. f5 h5 29. Ne7 Rxe6 30. Ng6+ Kg8 31. fxe6 Re8 32. Rd3 Rxe6 33. Rxb3 Re1+ 34.
Kg2 Re2+ 35. Kf3 Rxh2 36. Bc3 Ra2 37. Rb5 Bg1 38. Bxa5 Rxa4 39. Nf4 h4 40. gxh4
g5 41. hxg5 fxg5 42. Rxg5+ Kf7 43. Rb5 Bh2 44. Nd3 Bd6 45. Bd2 Rd4 46. Rb3 Ke6
47. Be3 Rh4 48. Nf2 Rb4 49. Rd3 Be7 50. Ne4 Rb5 51. Rd1 Rf5+ 52. Bf4 Rd5 53. Ra1
Rd3+ 54. Be3 Ra3 55. Rh1 Ra8 56. Rh6+ Kd5 57. Nc3+ Kc4 58. Rc6+ Kb3 59. Nd5 Ba3
60. Ke4 Rd8 61. Bd4 Bf8 62. Rb6+ Ka3 63. Rb7 Ka4 64. Bb2 Bd6 65. Bd4 Rb8 66.
Nc3+ Ka5 67. Ra7+ Kb4 68. Kd3 Bf8 69. Ra4+ Kb3 70. Ra1 Bb4 71. Rb1+ Ka3 72. Kc2
Bxc3 73. Bc5+ 1-0

[Event "TCh-FRA Top 12 2015"]
[Site "Montpellier FRA"]
[Date "2015.06.08"]
[Round "10.2"]
[Board "6"]
[White "Terrieux, Kevin"]
[Black "Michiels, Bart"]
[Result "0-1"]
[WhiteTitle "IM"]
[BlackTitle "GM"]
[WhiteElo "2439"]
[BlackElo "2536"]
[WhiteTeam "METZ FISCHER"]
[BlackTeam "GRASSE ECHECS"]
[WhiteFideId "622591"]
[BlackFideId "202967"]
[EventDate "2015.05.30"]

1. d4 d5 2. c4 c6 3. Nf3 Nf6 4. Nc3 e6 5. Bg5 Nbd7 6. cxd5 exd5 7. e3 h6 8. Bh4
Be7 9. Bd3 O-O 10. Qc2 Re8 11. O-O Ne4 12. Bxe7 Qxe7 13. Nd2 Nxd2 14. Qxd2 Nb6
15. Rab1 a5 16. b3 Be6 17. Rfc1 Nc8 18. Na4 Qd8 19. Nc5 Nd6 20. a3 Qg5 21. Nxe6
Rxe6 22. Rc5 f5 23. Rxa5 Rxa5 24. Qxa5 Rxe3 25. Qd2 Re8 26. Qxg5 hxg5 27. Kf1
Ra8 28. Ra1 g4 29. f4 gxf3 30. gxf3 Kf7 31. Kf2 Rh8 32. Rh1 Rh4 33. Ke3 Kf6 34.
a4 Nf7 35. a5 Ng5 36. Be2 Ne6 37. Rd1 Rxh2 38. b4 f4+ 39. Kd3 Nxd4 40. Kxd4 Rxe2
41. b5 cxb5 42. Kc5 Re7 43. Rxd5 Re5 44. Kd4 0-1